[Event "BCF-chT 0203 (4NCL)"]
[Site "West Bromwich"]
[Date "2002.11.23"]
[Round "1.6"]
[White "Stanford, Maxim Barth"]
[Black "Lee, Graham D"]
[Result "1-0"]
[WhiteElo "2305"]
[BlackElo "2367"]
[PlyCount "117"]
[EventDate "2002.11.??"]
[EventType "team"]
[EventRounds "11"]
[EventCountry "ENG"]
[SourceTitle "EXT 2004"]
[Source "ChessBase"]
[SourceDate "2003.11.25"]
[SourceVersion "1"]
[SourceVersionDate "2003.11.25"]
[SourceQuality "1"]
[WhiteTeam "Slough"]
[BlackTeam "Wood Green II"]
[WhiteTeamCountry "ENG"]
[BlackTeamCountry "ENG"]

1. d4 Nf6 2. c4 c5 3. d5 e5 4. Nc3 d6 5. e4 Be7 6. g3 0-0 7. Bg2 Ne8 8. Nge2 Bg5 9. 0-0 Bxc1 10. Nxc1 Nd7 11. Nd3 g6 12. f4 Qe7 13. Qe2 b6 14. Bh3 f6 15. Be6+ Kg7 16. a4 Nc7 17. f5 Rb8 18. Nb5 Rb7 19. Ra3 a5 20. Nxc7 Rxc7 21. Nf2 g5 22. h4 h6 23. Kg2 Rh8 24. Rh1 Qe8 25. g4 Nf8 26. hxg5 hxg5 27. Qd1 Rh7 28. Rxh7+ Nxh7 29. Rh3 Kh8 30. b3 Qf8 31. Qh1 Rg7 32. Rh6 Bd7 33. Nd1 Be8 34. Ne3 Re7 35. Nf1 Rc7 36. Ng3 Qg7 37. Kf3 Qf8 38. Rg6 Rg7 39. Qh5 Rc7 40. Ne2 Rg7 41. Nc3 Qe7 42. Nb5 Bxb5 43. axb5 Qf8 44. Kg2 Qe7 45. Rxg7 Qxg7 46. Bf7 Qf8 47. Bg6 Qg7 48. Bxh7 Qxh7 49. Qe8+ Kg7 50. Qe7+ Kg8 51. Qxf6 Qh4 52. Qg6+ Kf8 53. Qxd6+ Kf7 54. Qe6+ Kf8 55. Qxe5 Qxg4+ 56. Kf2 Qh4+ 57. Qg3 Qxe4 58. Qd6+ Kg7 59. Qg6+ 1-0

[Event "BCF-ch 89th"]
[Site "Torquay"]
[Date "2002.08.08"]
[Round "10"]
[White "Barua, Dibyendu"]
[Black "Lee, Graham D"]
[Result "1-0"]
[WhiteElo "2542"]
[BlackElo "2361"]
[PlyCount "125"]
[EventDate "2002.07.29"]
[EventType "swiss"]
[EventRounds "11"]
[EventCountry "ENG"]
[SourceTitle "CBM 091"]
[Source "ChessBase"]
[SourceDate "2002.11.12"]
[SourceVersion "1"]
[SourceVersionDate "2002.11.12"]
[SourceQuality "1"]

1. e4 c6 2. d4 d5 3. exd5 cxd5 4. c4 Nf6 5. Nc3 Nc6 6. Bg5 Be6 7. Bxf6 gxf6 8. c5 Qd7 9. Bb5 Rg8 10. Qf3 0-0-0 11. h3 Bf5 12. Rd1 Qe6+ 13. Nge2 Be4 14. Nxe4 Qxe4 15. Qxe4 dxe4 16. 0-0 e6 17. Bxc6 bxc6 18. b4 f5 19. f3 exf3 20. Rxf3 Rd7 21. Kf1 Bh6 22. a4 a6 23. Rb1 Rb7 24. b5 axb5 25. axb5 Rxb5 26. Rxb5 cxb5 27. Rb3 Rd8 28. Nc3 Rxd4 29. Nxb5 Rd1+ 30. Ke2 Rd2+ 31. Kf3 Kd7 32. Na7 Rc2 33. c6+ Kd8 34. Rb8+ Kc7 35. Rb7+ Kd8 36. Rxf7 Rc3+ 37. Ke2 Bf4 38. Rxh7 e5 39. g3 Bxg3 40. Rd7+ Ke8 41. Rg7 e4 42. Nb5 Be5 43. Rg8+ Kf7 44. Nxc3 Kxg8 45. Nd5 Kf7 46. c7 Bxc7 47. Nxc7 Kf6 48. Kf2 f4 49. Nd5+ Kg5 50. Kg2 Kf5 51. Nc3 Ke5 52. Nd1 Kf6 53. Nf2 Kf5 54. Ng4 Kg5 55. Ne5 Kf6 56. Nc4 Kf5 57. Nd2 Ke5 58. h4 Kf5 59. Kh3 e3 60. Nf3 e2 61. Nd4+ Ke4 62. Nxe2 Ke3 63. Ng1 1-0

[Event "BCF-ch 89th"]
[Site "Torquay"]
[Date "2002.08.03"]
[Round "6"]
[White "Willmoth, Robert"]
[Black "Lee, Graham D"]
[Result "0-1"]
[WhiteElo "2198"]
[BlackElo "2361"]
[PlyCount "70"]
[EventDate "2002.07.29"]
[EventType "swiss"]
[EventRounds "11"]
[EventCountry "ENG"]
[SourceTitle "CBM 091"]
[Source "ChessBase"]
[SourceDate "2002.11.12"]
[SourceVersion "1"]
[SourceVersionDate "2002.11.12"]
[SourceQuality "1"]

1. e4 c6 2. c4 d5 3. exd5 cxd5 4. cxd5 Nf6 5. Nc3 Nxd5 6. Nf3 Nc6 7. Bb5 a6 8. Bxc6+ bxc6 9. Qa4 Bb7 10. 0-0 e6 11. d4 Be7 12. Ne4 Qb6 13. Bd2 0-0 14. Rac1 f6 15. Rfe1 Rfe8 16. b4 Bf8 17. Nc5 Bc8 18. a3 Ra7 19. Rc4 Qc7 20. Qc2 Nb6 21. Rc3 Nd5 22. Rb3 Qf7 23. Nd3 g5 24. h3 Rc7 25. Qd1 Bd6 26. Rb1 h5 27. Nh2 Kh8 28. Rc1 Rg8 29. f3 Qh7 30. Nc5 g4 31. fxg4 Bxh2+ 32. Kxh2 hxg4 33. Nxe6 Bxe6 34. Rxe6 gxh3 35. gxh3 Qxh3+ 0-1

[Event "BCF-ch 89th"]
[Site "Torquay"]
[Date "2002.07.31"]
[Round "3"]
[White "Lee, Graham D"]
[Black "Wu, Li"]
[Result "1-0"]
[WhiteElo "2361"]
[BlackElo "2142"]
[PlyCount "85"]
[EventDate "2002.07.29"]
[EventType "swiss"]
[EventRounds "11"]
[EventCountry "ENG"]
[SourceTitle "CBM 091"]
[Source "ChessBase"]
[SourceDate "2002.11.12"]
[SourceVersion "1"]
[SourceVersionDate "2002.11.12"]
[SourceQuality "1"]

1. e4 c5 2. c3 e6 3. d4 d5 4. e5 Qb6 5. Nf3 Nc6 6. a3 Nh6 7. b4 cxd4 8. cxd4 Nf5 9. Bb2 Be7 10. Bd3 a5 11. Bxf5 exf5 12. Nc3 Be6 13. b5 a4 14. 0-0 Na5 15. Qxa4 0-0 16. Rfb1 Rfc8 17. Qd1 Nc4 18. Bc1 Nxa3 19. Bxa3 Rxa3 20. Rxa3 Bxa3 21. Qb3 Bf8 22. h4 h6 23. Ne2 Rc4 24. Qd3 Be7 25. h5 Kh8 26. Nd2 Rb4 27. Rxb4 Bxb4 28. Nb1 Kg8 29. Nbc3 Kh8 30. Nf4 Bxc3 31. Qxc3 Qxb5 32. Nxe6 fxe6 33. Qc8+ Kh7 34. Qxe6 Qb1+ 35. Kh2 Qe4 36. Qg6+ Kg8 37. e6 Qf4+ 38. Kh3 Qg5 39. Qf7+ Kh7 40. g3 Qg4+ 41. Kh2 Qf3 42. Kg1 f4 43. e7 1-0

[Event "BCF-ch 89th"]
[Site "Torquay"]
[Date "2002.07.30"]
[Round "2"]
[White "Addison, Bret"]
[Black "Lee, Graham D"]
[Result "1/2-1/2"]
[WhiteElo "2219"]
[BlackElo "2361"]
[PlyCount "50"]
[EventDate "2002.07.29"]
[EventType "swiss"]
[EventRounds "11"]
[EventCountry "ENG"]
[SourceTitle "CBM 091"]
[Source "ChessBase"]
[SourceDate "2002.11.12"]
[SourceVersion "1"]
[SourceVersionDate "2002.11.12"]
[SourceQuality "1"]

1. d4 Nf6 2. c4 c5 3. d5 e5 4. Nc3 d6 5. e4 Be7 6. g3 0-0 7. h4 Na6 8. Bh3 Bxh3 9. Nxh3 Nc7 10. a4 b6 11. Rb1 Qd7 12. Ng1 Rab8 13. Nge2 Rb7 14. Kf1 a6 15. Qd3 b5 16. axb5 axb5 17. b3 Rfb8 18. Kg2 bxc4 19. bxc4 Rxb1 20. Nxb1 Na6 21. Nec3 g6 22. Nb5 Nh5 23. Qf3 Rf8 24. Bh6 Ng7 25. h5 Nb4 1/2-1/2